000 02563cam a2200469Mc 4500
003 PE-LiUPU
005 20250731183340.0
008 150312s2015 sp r 001 0 spa d
020 _a8425228115
020 _a9788425228117
035 _a(Sirsi) i9788425228117
040 _aBNM
_bspa
_erda
_cBNM
_dESALI
_dPE-LiUPU
041 1 _aspa
_heng
049 _aPRUA
080 _a72(082.2)
082 0 4 _a720
_bP19
_222
245 0 0 _aPalabra de arquitecto :
_bcitas, ocurrencias y píldoras de sabiduría /
_ccompiladas y editadas por Laura S. Dushkes.
264 1 _aBarcelona :
_bGustavo Gili,
_c2015.
300 _a159 páginas ;
_c19 centímetros
336 _atext
_2rdacontent
337 _aunmediated
_2rdamedia
338 _avolume
_2rdacarrier
504 _aÍndice : páginas 155-156.
505 0 _aÍndice de arquitectos de la A a la Z.
520 _aSi hay algo que a los arquitectos les gusta más que proyectar, eso es hablar de arquitectura. Ya sea sobre su inspiración, sus conocimientos o contando alguna anécdota ocurrente, los arquitectos necesitan imperativamente comunicar su trabajo. Palabra de arquitecto es un compendio de citas de más de cien arquitectos clave de la historia de la arquitectura que incluye a personajes de la talla de Andrea Palladio, Frank Lloyd Wright, Le Corbusier, Oscar Niemeyer o Rafael Moneo. A veces sabias, otras divertidas u ocurrentes, las citas de esta deliciosa antología transmiten profundidad y diversidad de pensamiento, e invitan a arquitectos y estudiantes a activar inmediatamente sus mentes creativas. Laura S. Dushkes es documentalista del estudio de arquitectura NBBJ, en Seattle (Estados Unidos).
526 _aP158
526 _aP146
526 _aP17
526 _aP12
526 _aP06
534 _pTítulo original :
_tThe architect says. Quotes, quips, and words of wisdom.
541 _g003-001041;
650 4 _aArquitectura
_vCitas, máximas, etc.
650 7 _aArquitectura
_vCitas.
_2embne
700 1 _aDushkes, Laura S.,
_d1960- ,
_ecompilador.
910 _ajck
_b
_caqs
_d20150112
942 _2ddc
_cBOOK
949 _a720 P19
_wDEWEY
_c1
_i72381
_lCCODEBUL1
_mBUL
_p31.49
_r0
_sY
_tBOOK
_u2016-1-11
_xINGENIERIA
_PP06
_0COMPRA
_o.STAFF. Colección General
994 _aC0
_bPEPRU
596 _a1
999 _a720 P19
_wDEWEY
_c8369
_i72381
_d8369
_e2019-8-7
_f2021-11-9
_g7
_lCCODEBUL1
_mBUL
_n4
_p31.49
_q2
_r0
_sY
_tBOOK
_u2016-1-11
_xINGENIERIA
_PP06
_0COMPRA
_o.STAFF. Colección General
980 _81
_gALBERTO SANCHEZ Responsable de Automatización